000 00295nam a22001337a 4500
008 180919b xxu||||| |||| 00| 0 eng d
020 _a9780787956059
041 _aeng
080 _a371
100 _a25
101 _aEDU
245 _aThe Skillful Teacher
_cBrookfield, S.D
942 _2udc
_cBK
999 _c48013
_d48013